00756nam a2200229 i 450000100060000000300090000600500170001500700030003200800410003502000180007608000150009410000320010924502100014126000310035130000220038249000160040465000180042070000180043870000210045683000160047785200330049315904ES-MaACL20250730063047.0t|000518s1999 sp ||||1| spa d a84-306-0369-7 a008(4)"18" aBerlin, Isaiah, d1909-199714aLas raíces del romanticismo b: conferencias A. W. Mellon en Bellas Artes, 1965 : The National Gallery of Art, Washington DC / cIsaiah Berlin ; edición de Henry Hardy ; traducción de Silvina Marí. aMadrid : bTaurus, c1999. a226 p. ; c22 cm.1 aPensamiento 4aRomanticismo.1 aHardy, Henry.1 aMarí, Silvina.0 aPensamiento aES-MaACLjL-22879 bR.128316